Normal view
MARC view
Entry Personal Name
001 - CONTROL NUMBER
- control field: 1030
003 - CONTROL NUMBER IDENTIFIER
- control field: PK-NaQUE
005 - DATE AND TIME OF LATEST TRANSACTION
- control field: 20260629130845.0
008 - FIXED-LENGTH DATA ELEMENTS
- fixed length control field: 260629|| aca||aabn | a|a d
040 ## - CATALOGING SOURCE
- Original cataloging agency: PK-NaQUE
- Transcribing agency: PK-NaQUE
100 ## - HEADING--PERSONAL NAME
- Personal name: Ameer Mukhtiar
- Personal name: 21-MSIT-08
- Personal name: Supervisor - Dr. Saima Siraj Soomro
670 ## - SOURCE DATA FOUND
- Source citation: Work cat.: (PK-NaQUE)69088: Ameer Mukhtiar 21-MSIT-08 Supervisor - Dr. Saima Siraj Soomro, Image Based Tomato Disease Classification Using Efficientnet A Comparative Study with VGG-16 (Thesis MS), 2025